00473nam a22001577a 4500003000200000005001700002008004100019020002200060050002200082100002000104245005700124260004300181300002500224504004200249650002400291020231120115444.0231120b xxu||||| |||| 00| 0 eng d a978-621-8179-58-5 aG 155 b.M46 2022 aMendoza, Lolita aResearch in tourism and hospitalityc Lolita Mendoza aManilabEDRIC Publishing Housecc2022. a87 pages ; c25 cm.  aIncludes bibliographical references.  aTourism--research.